| 000 | 01227cam a2200325 a 4500 | ||
|---|---|---|---|
| 005 | 20260322212034.0 | ||
| 008 | data | ||
| 010 | _a 2008298032 | ||
| 020 | _a9780756637736 (lib. bdg.) | ||
| 020 | _a0756637732 (lib. bdg.) | ||
| 020 | _a9780756637743 (hardcover) | ||
| 020 | _a0756637740 (hardcover) | ||
| 040 |
_aNNP _cNNP _dDLC _dYDXCP _dBUR _dBAKER _dDLC |
||
| 042 | _alccopycat | ||
| 050 | 0 | 0 |
_aML3929 _b.Z54 2008 |
| 092 | _a780.92 Z54 2008 | ||
| 100 | 1 |
_aZiegler, Robert, _d1952- |
|
| 245 | 1 | 0 |
_aGreat musicians / _cRobert Ziegler. |
| 260 |
_aNew York : _bDK, _c2008. |
||
| 300 |
_a72 p. : _bcol. ill. ; _c29 cm. + _e1 CD-ROM (4 3/4 in.) |
||
| 440 | 0 | _aDK eyewitness books | |
| 504 | _aIncludes bibliographical references and index. | ||
| 650 | 0 |
_aMusicians _vJuvenile literature. |
|
| 650 | 0 |
_aMusic _xHistory and criticism _vJuvenile literature. |
|
| 906 |
_a7 _bcbc _ccopycat _d3 _encip _f20 _gy-gencatlg |
||
| 925 | 0 |
_aacquire _b2 shelf copies _xpolicy default |
|
| 955 |
_evk67 2008-10-27 accompanying CD-ROM to Music Div _evk67 2008-10-27 accompanying CD-ROM to Music Div |
||
| 001 | data | ||
| 999 |
_c795 _d795 |
||